[Event "Reykjavik op"]
[Site "Reykjavik"]
[Date "2024.03.16"]
[Round "3"]
[White "Saemundsson, Thor"]
[Black "Vega, Isaac"]
[Result "1/2-1/2"]
[WhiteElo "1626"]
[BlackElo "1818"]
[PlyCount "47"]
[EventDate "2024.03.15"]
[EventType "swiss"]
[EventRounds "9"]
[EventCountry "ISL"]
[SourceTitle "CB13_2024"]
[SourceDate "2024.03.27"]
[SourceVersion "1"]
[SourceVersionDate "2024.03.27"]
[SourceQuality "1"]

1. d4 Nf6 2. Nf3 e6 3. e3 d5 4. Bd3 Nbd7 5. Nbd2 b6 6. b3 Bb7 7. Bb2 Bd6 8. Ne5 0-0 9. 0-0 Rc8 10. f4 c5 11. Rf3 c4 12. bxc4 dxc4 13. Ndxc4 Bxf3 14. Qxf3 Bb8 15. Ba3 Nxe5 16. fxe5 Re8 17. exf6 gxf6 18. Bxh7+ Kxh7 19. Qh5+ Kg7 20. Qg4+ Kh7 21. Qh5+ Kg7 22. Qg4+ Kh6 23. Qh4+ Kg7 24. Qg4+ 1/2-1/2